000 01098nam a22003377a 4500
001 BR0301403
003 BR-BrBNA
005 20230928101251.0
007 ta
008 230509b bl.||||| |||| 00| 0 por d
040 _aBR-BrBNA
_bpor
_cBiblioteca Nacional de Agricultura
041 _a(Por)
072 _aN20; E16
_b0230
090 _ 0230 BR0301403
100 1 _aOrsolini, J.M.
110 1 _aEscola Superior de Agricultura Luiz de Queiroz, Piracicaba, SP (Brasil)
_0Tese (Mestre em Agronomia)
245 1 _aProtótipo de cortadora-amontoadora: desempenhos operacional e econômico em cana-de-açúcar (Saccharum spp.)com queima prévia
260 3 _aPiracicaba, SP (Brasil):
_c2002.
300 _a79 p.
500 _aSummaries (Eng, Por); Bibliography p. 74-79; 17 tables; 10 illus.
650 _aCANA DE AÇÚCAR
650 _aMÁQUINA AGRÍCOLA
650 _aPROTÓTIPO
650 _aCUSTO OPERACIONAL
650 _aANÁLISE ECONÔMICA
650 _aQUEIMADA
650 _aCORTE
650 _aMODELO MATEMÁTICO
909 _a202309
_bLucia
_c55
_dLucia Elande
942 _cBK
999 _c65003
_d65003